<?xml version="1.0" encoding="UTF-8"?>
<record
    xmlns:xsi="http://www.w3.org/2001/XMLSchema-instance"
    xsi:schemaLocation="http://www.loc.gov/MARC21/slim http://www.loc.gov/standards/marcxml/schema/MARC21slim.xsd"
    xmlns="http://www.loc.gov/MARC21/slim">

  <leader>04013nam a2200373uu 4500</leader>
  <controlfield tag="001">1458191</controlfield>
  <controlfield tag="005">20260508091137.0</controlfield>
  <controlfield tag="008">170124s2016                        spa  </controlfield>
  <datafield tag="020" ind1=" " ind2=" ">
    <subfield code="a">9789586643184</subfield>
  </datafield>
  <datafield tag="035" ind1=" " ind2=" ">
    <subfield code="a">1458191</subfield>
  </datafield>
  <datafield tag="040" ind1=" " ind2=" ">
    <subfield code="c">comduadb</subfield>
  </datafield>
  <datafield tag="041" ind1=" " ind2=" ">
    <subfield code="a">spa</subfield>
  </datafield>
  <datafield tag="082" ind1=" " ind2="4">
    <subfield code="a">709</subfield>
  </datafield>
  <datafield tag="110" ind1="2" ind2="0">
    <subfield code="a">Banco de la Rep&#xFA;blica. &#xC1;rea Cultural (Bogot&#xE1;)</subfield>
    <subfield code="4">aut</subfield>
    <subfield code="e">aut</subfield>
    <subfield code="9">833810</subfield>
  </datafield>
  <datafield tag="245" ind1="1" ind2="0">
    <subfield code="a">Muerte Barroca : retratos de monjas coronadas</subfield>
  </datafield>
  <datafield tag="260" ind1=" " ind2=" ">
    <subfield code="a">Bogot&#xE1; :</subfield>
    <subfield code="b">Banco de la Rep&#xFA;blica,</subfield>
    <subfield code="c">2016.</subfield>
  </datafield>
  <datafield tag="300" ind1=" " ind2=" ">
    <subfield code="a">159 p&#xE1;ginas :</subfield>
    <subfield code="b">ilustraciones a color, fotograf&#xED;as</subfield>
  </datafield>
  <datafield tag="490" ind1="0" ind2=" ">
    <subfield code="a">Colecci&#xF3;n de Arte del Banco de la Rep&#xFA;blica</subfield>
  </datafield>
  <datafield tag="505" ind1=" " ind2=" ">
    <subfield code="a">CONTENIDO : Presentaci&#xF3;n. -- Monjas coronadas en Colombia : Colecci&#xF3;n de Arte del Banco de la Rep&#xFA;blica. -- El retrato de vidas ejemplares : monjas coronadas en el Nuevo Reino de Granada. -- Cuerpo, ceremonia e imagen : las tres dimensiones de la muerte en la Colonia Latinoamericana. -- Restauraci&#xF3;n de dos series de pinturas. -- Im&#xE1;genes del recuerdo.</subfield>
  </datafield>
  <datafield tag="520" ind1="3" ind2=" ">
    <subfield code="a">RESUMEN: El Museo de Arte del Banco de la Rep&#xFA;blica presenta hasta el 20 de junio de 2016 la exposici&#xF3;n Muerte Barroca, retratos de monjas coronadas, los retratos de esta colecci&#xF3;n corresponden a tres conventos virreinales ubicados en Santa Fe de Bogot&#xE1;: concepcionistas (10 pinturas); clarisas (16 pinturas) y dominicas, tambi&#xE9;n llamadas inesitas, (19 pinturas) y a uno m&#xE1;s de carmelitas situado en Popay&#xE1;n (1 pintura). La relevancia de la colecci&#xF3;n de retratos de monjas coronadas, que resguarda el Banco de la Rep&#xFA;blica, es enorme. Debido a su tama&#xF1;o, se trata de la colecci&#xF3;n de monjas coronadas m&#xE1;s importante de Hispanoam&#xE9;rica. Est&#xE1; conformada por 46 retratos de religiosas retratadas en uno de los momentos m&#xE1;s solemnes que se viv&#xED;an y siguen vivi&#xE9;ndose en la actualidad en los conventos femeninos: la muerte, considerada como el encuentro definitivo con Jes&#xFA;s, el Divino Esposo. En estas pinturas, aparecen sus cuerpos yacentes adornados con corona y palma florida y con los h&#xE1;bitos caracter&#xED;sticos de cada una de sus &#xF3;rdenes. Las pinturas en el Virreinato de Nueva Granada son particularmente realistas, caracter&#xED;stica que imprimi&#xF3; un car&#xE1;cter individual al retrato, ya que, lejos de que se pretendiera idealizar al personaje, se procuraba perpetuar su recuerdo m&#xE1;s terrenal. En estos retratos, plasmados con gran destreza y vivo colorido, se distinguen con claridad las peculiaridades f&#xED;sicas de cada una de las religiosas pues fueron representadas fielmente. Se advierte un claro inter&#xE9;s de los pintores por resaltar sus rasgos f&#xED;sicos particulares incorporando incluso detalles, como bozo, verrugas y arrugas. El anonimato en el contexto virreinal no puede considerarse como un sin&#xF3;nimo de falta de calidad, ya que muchas obras son resultado de un buen oficio, y en ellas se aprecia un trabajo creativo y minucioso en los detalles de los coloridos y exuberantes adornos florales. Incluso es posible afirmar que son numerosos los ejemplos que dan cuenta de su excelente calidad.</subfield>
  </datafield>
  <datafield tag="650" ind1=" " ind2=" ">
    <subfield code="a">Museo de Arte del Banco de la Rep&#xFA;blica (Bogot&#xE1;) - Exposiciones - Cat&#xE1;logos</subfield>
    <subfield code="9">218176</subfield>
  </datafield>
  <datafield tag="650" ind1=" " ind2=" ">
    <subfield code="a">Arte colonial - Colombia - Exposiciones - Cat&#xE1;logos</subfield>
    <subfield code="9">100889</subfield>
  </datafield>
  <datafield tag="650" ind1=" " ind2=" ">
    <subfield code="a">Arte cristiano - Siglo XIX - Exposiciones - Cat&#xE1;logos</subfield>
    <subfield code="9">217639</subfield>
  </datafield>
  <datafield tag="650" ind1=" " ind2=" ">
    <subfield code="a">Retratos - Siglo XIX - Exposiciones - Cat&#xE1;logos</subfield>
    <subfield code="9">218177</subfield>
  </datafield>
  <datafield tag="650" ind1=" " ind2=" ">
    <subfield code="a">&#xD3;rdenes religiosas de mujeres - Exposiciones - Cat&#xE1;logos</subfield>
    <subfield code="9">217954</subfield>
  </datafield>
  <datafield tag="700" ind1="1" ind2="0">
    <subfield code="a">Montero Alarc&#xF3;n, Alma</subfield>
    <subfield code="4">aut</subfield>
    <subfield code="e">aut</subfield>
    <subfield code="9">757840</subfield>
  </datafield>
  <datafield tag="700" ind1="1" ind2="0">
    <subfield code="a">Borja G&#xF3;mez, Jaime Humberto,</subfield>
    <subfield code="d">1962-</subfield>
    <subfield code="4">aut</subfield>
    <subfield code="e">aut</subfield>
    <subfield code="9">319907</subfield>
  </datafield>
  <datafield tag="700" ind1="1" ind2="0">
    <subfield code="a">Montero Vallejo, Juan Carlos</subfield>
    <subfield code="4">aut</subfield>
    <subfield code="e">aut</subfield>
    <subfield code="9">729299</subfield>
  </datafield>
  <datafield tag="700" ind1="1" ind2="0">
    <subfield code="a">&#xC1;lvarez White, Mar&#xED;a Cecilia</subfield>
    <subfield code="4">aut</subfield>
    <subfield code="e">aut</subfield>
    <subfield code="9">741340</subfield>
  </datafield>
  <datafield tag="700" ind1="1" ind2="0">
    <subfield code="a">Casta&#xF1;eda Galeano, Sigrid</subfield>
    <subfield code="4">aut</subfield>
    <subfield code="0">(viaf) 2151963597400310584</subfield>
    <subfield code="e">aut</subfield>
    <subfield code="9">746581</subfield>
  </datafield>
  <datafield tag="700" ind1="1" ind2="0">
    <subfield code="a">Monsalve, &#xD3;scar,</subfield>
    <subfield code="d">1949-</subfield>
    <subfield code="4">pht</subfield>
    <subfield code="0">(isni)0000 0000 4294 9899</subfield>
    <subfield code="0">(viaf)16824762</subfield>
    <subfield code="e">pht</subfield>
  </datafield>
  <datafield tag="700" ind1="1" ind2="0">
    <subfield code="a">P&#xE9;rez Mej&#xED;a, &#xC1;ngela Mar&#xED;a,</subfield>
    <subfield code="d">1962-</subfield>
    <subfield code="4">nrt</subfield>
    <subfield code="0">(isni)0000000038385242</subfield>
    <subfield code="0">(viaf) 41214781</subfield>
    <subfield code="e">nrt</subfield>
    <subfield code="9">496095</subfield>
  </datafield>
  <datafield tag="942" ind1=" " ind2=" ">
    <subfield code="c">BOOK</subfield>
  </datafield>
  <datafield tag="999" ind1=" " ind2=" ">
    <subfield code="c">758062</subfield>
    <subfield code="d">758062</subfield>
  </datafield>
  <datafield tag="952" ind1=" " ind2=" ">
    <subfield code="0">0</subfield>
    <subfield code="1">0</subfield>
    <subfield code="4">0</subfield>
    <subfield code="7">0</subfield>
    <subfield code="8">GEN</subfield>
    <subfield code="a">BC</subfield>
    <subfield code="b">BC</subfield>
    <subfield code="d">2017-01-24</subfield>
    <subfield code="e">Material adquirido por donaci&#xF3;n</subfield>
    <subfield code="g">32000.00</subfield>
    <subfield code="i">C1256977</subfield>
    <subfield code="l">5</subfield>
    <subfield code="m">2</subfield>
    <subfield code="o">709.861 B213mue</subfield>
    <subfield code="p">1021821</subfield>
    <subfield code="r">2026-01-23 09:23:21</subfield>
    <subfield code="s">2025-12-16</subfield>
    <subfield code="t">1</subfield>
    <subfield code="w">2023-05-03</subfield>
    <subfield code="y">BOOK</subfield>
  </datafield>
</record>
